Quizzes
Events
Quiz Creation
Community
Videos
Private Events
Remove Ads
Sign In
Join for FREE
Feedback
Dark Mode
Quiz Categories
Sports
Geography
Music
Movies
Television
Just For Fun
Miscellaneous
History
Literature
Language
Science
Gaming
Entertainment
Religion
Holiday
For Kids
Quiz Lab
Recent
Popular Today
Quiz Kudos Today
Editor Picks
Curator Picks
Quizzes by...
Day
Popularity
Type
Ratings
Length
Year
Community
Subscriptions
Recent Discussions
Orange Saloon
Badges
Playlists
Quests
Create
Leaderboards
Showdown
Live 5
Trivia Bingo
Activity
Puzzle Library
Sporcle Events
Private Events
Virtual Trivia
Globe League
Become a Host
Pub Owners
SporcleCon
Opinionation
Our Games
Videos
Blog
Mobile Apps
Partnerships
Remove Ads and Go Orange
Feedback
Literature
Harry Potter
A Song of Ice and Fire
The Hunger Games
Literary Character
Shakespeare
Book
Author
Novel
Poem
Young Adult
Children's Books
Play
Lord of the Rings
Literature
Harry Potter
A Song of Ice and Fire
The Hunger Games
Literary Character
Shakespeare
Book
Author
Novel
Poem
Young Adult
Children's Books
Play
Lord of the Rings
Random Quiz
Search Sporcle
×
Curator Pick
Curator Pick
Literature
Children's Books
Select answers by clicking on text or image buttons
Select answers by clicking on text or image buttons
Clickable
Best Score? Go Orange.
Book and Author Match-Up Stats
Can you match these authors' first names to the last word of their books' titles?
By
hobbyhorse237
5m
25 Questions
607 Plays
607 Plays
607 Plays
Comments
Comments
Give Quiz Kudos
Give Quiz Kudos
-
- Ratings
hide this ad
Replay
Link that replays current quiz
Next Quiz
Link to next quiz in quiz playlist
You Got
0%
They Got
Avg Score
79%
Avg Friend Score
Upgrade to see
Score Distribution
Jump to the score distribution portion of the page
Score
0/25
Timer
05:00
0
Plays Today
% Correct
Jane
94.2%
Bram
93.2%
Mark
92.4%
George
90.9%
Charlotte
90.3%
Charles
88%
Emily
88%
Louisa
87.6%
Fyodor
87.6%
Alexandre
87.6%
Roald
87.3%
Ernest
85.7%
John
82.9%
% Correct
Dan
82.7%
Nathaniel
82.7%
Suzanne
82.4%
Aldous
79.2%
Douglas
76.6%
Yann
75.5%
Oscar
71.7%
Gabriel
71.3%
Khaled
70.7%
Frances
58.2%
William
48.9%
Rita
27.8%
Quiz Playlist
Details
Report
Send in Message
Add To Playlist
Clickable:
Select answers by clicking on text or image buttons
Last Updated: Feb 16, 2017
Curator Pick in
Book
Quiz Scoreboard
CHALLENGE
Sign Up to Join the Scoreboard
Show All
Scores
Hide
Comments
May contain spoilers
Recently Published
An Introduction to Baseball
by treessimontrees
Sports
5m
Movies - When Are They Set?
by FPL_Elf
Movies
5m
Popular People in 1961
by mucciniale
History
6m
More to Explore
Quiz From the Vault
Featured Blog Post
Where Did the Easter Bunny Come From?
hide this ad
You Might Also Like...
Tags
Author Quiz
Book Quiz
Children's Books Quiz
Book Cover
Book Series
Book Titles
Classic Literature
Jungle Book
Matching
Russian Literature
Today's Top Quizzes in Literature
Browse Literature
hide this ad
Today's Top Quizzes in Children's Books
Browse Children's Books
Top Contributed Quizzes in Literature
1
Sneaky Slytherin Logic Puzzle
2
One Thing in Common: Literature
3
Get The Picture: Black or White Literature
4
Harry Potter Neighbourly Logic Puzzle #3
5
Weasley Family Reunion: Logic Puzzle
6
One Thing in Common: Books
7
One Thing in Common: Literature II
8
Harry Potter Neighbourly Logic Puzzle #1
9
Harry Potter Neighbourly Logic Puzzle #5
10
Harry Potter Neighbourly Logic Puzzle #6
Explore More
Trending Topics
Anime
Kpop
Disney
Marvel
NBA
Harry Potter
Crossword
Puzzle
Song
Pokémon
WWE
NFL
The Office
Country
Soccer
hide this ad
More By:
hobbyhorse237
Quiz
Plays
Rating
Category
Featured
Created
RuPaul's Drag Race Season 6
4,593
5.00
Television
Feb 15, 2016
LOTR Locations Picture Click
4,444
4.68
Movies
Jun 2, 2016
Capital Cities Pictograms
3,723
3.77
Geography
Jan 13, 2017
RuPaul's Drag Race Quotes
3,574
4.50
Television
Feb 14, 2016
30 Second Literature IX
3,553
4.83
Literature
Jun 1, 2016
Go to Creator's Profile
Score Distribution
Quiz Creator Spotlight
hobbyhorse237
Follow
Send a Message
Quizzes Created
-
Created Quiz Play Count
-
More By This Creator
Popular Quizzes Today
1
Find the Countries of Europe - No Outlines Minefield
2
Find the US States - No Outlines Minefield
3
The Countries of the World
4
Popular People in 1961
5
US States
6
Find the US States
7
1-10 Letter E Words III
8
Risky Map Clicking: Biggest States A-Z
More Literature Quizzes
Missing Literature Antonyms IV
Published
Trending Quizzes
Risky Map Clicking: Least Populous States A-Z
1-10 Letter F Words
1-10 Letter G Words
One Thing in Common: United Kingdom
Risky Map Clicking: Next State Alphabetically
Recently Updated
Leaping Animals
pecheneg
Reality TV Shows (A-Z)
bhenderson79
Rickey Henderson's Hall of Fame Teammates
pecheneg
Champions League XIs: Arsenal
pecheneg
Quick Pick: Celebrities in WWE's Hall of Fame
aduchscher
A-Z Keypad Blitz II
pecheneg
Multiple Oscar Actors
pecheneg
Mystery Phrase Blitz: Oscar 'Best Actors'
pecheneg
F. Scott Fitzgerald Novels
LTH
Pick 3 Villains
ddd62291
Trending Topics
NBA
Harry Potter
Disney
Crossword
Kpop
Anime
Marvel
Song
NFL
Pokémon
Country
Soccer
Puzzle
WWE
The Office
Your Account Isn't Verified!
In order to create a playlist on Sporcle, you need to verify the email address you used during registration. Go to your
Sporcle Settings
to finish the process.
Report this User
Report this user for behavior that violates our
Community Guidelines
.
Details:
Send Report
Go to the Sporcle.com Mobile Site →
Comments